| 000 | 00497nam a2200157 i 4500 | ||
|---|---|---|---|
| 001 | 90229 | ||
| 003 | ES-MaACL | ||
| 005 | 20230906180403.0 | ||
| 008 | 050119s1983 xxu |||| | spa d | ||
| 100 | 1 |
_aLedesma, Moisés. _971147 |
|
| 245 | 1 | 0 |
_aEnsayos / _cMoisés Ledesma ; [prólogo por Diana Ramírez de Arellano]. |
| 260 |
_a[Nueva York : _bAcademia de la Lengua Española, _c1983] |
||
| 300 |
_a85 p. ; _c22 cm. |
||
| 700 | 1 |
_aRamírez de Arellano, Diana. _995129 |
|
| 852 |
_aES-MaACL _jG-1888 |
||
| 999 |
_c90229 _d90229 |
||